Margaux, Grands Crus Classés, les seconds vins - Statistiques

Statistiques générales
  • Ce quiz a été pris 37 fois
  • Le résultat moyen est 7 sur 21
Statistiques - réponses
Hint Réponse % Correct
Margaux Le Pavillon Rouge
67%
Brane-Cantenac Baron de Brane
54%
Palmer Alter Ego
50%
Giscours La Sirène de Giscours
50%
Lascombes Chevalier de Lascombes
42%
Cantenac Brown BriO de Cantenac Brown
38%
Rauzan-Ségla Ségla
38%
Issan Blasson d'Issan
33%
Pouget Antoine Pouget
29%
Tertre Les Hauts du Tertre
29%
Dufort Vivens Les Relais de Dufort Vivens
29%
Desmirail Initial de Desmirail
25%
Boyd Cantenac La Croix de Boyd Cantenac
25%
Ferrière Les Remparts de la Ferrière
25%
Dauzac Aurore de Dauzac
21%
Rauzan-Cassies Cassies
21%
Prieuré Lichine Confidence de Prieuré Lichine
21%
Marquis de Terme La Couronne de Marquis de Terme
21%
Malescot Saint Exupéry La dame de Malescot
21%
Kirwan Charmes de Kirwan
17%
Marquis d'Alesme Becker Marquise d'Alesme
13%
Aucun quiz correspondant
Distribution des résultats
% des personnes avec chaque résultat
Percentile par nombre de réponses
Votre historique - résultats
Vous n’avez pas pris ce quiz